000 01410nam a2200337 i 4500
001 bg
003 BPK
005 20201215090005.0
008 970510s1994 pl a |000 0 pol
015 _aPB 1995/7656
020 _a8390086352
040 _aWA N
_cBPK
041 1 _apol
_heng
080 _a58/59(4)
080 _a502.17(4)
080 _a(083.8)
245 0 0 _aEuropejska Czerwona Lista Zwierząt i Roślin Zagrożonych Wyginięciem w Skali Światowej /
_cpod red. Stanisława Wajdy i Janusza Żurka ; [tł. z ang. Igor Żurek] ; Instytut Ochrony Środowiska.
260 _aWarszawa :
_bAgencja Informacyjna GEA,
_c[1994].
300 _a177 s. :
_brys. ;
_c25 cm.
490 1 _aKonwencje Międzynarodowe i Uchwały Organizacji Międzynarodowych ;
_vz. 3.
500 _aNieoficjalne tł. dokumentu Europejskiej Komisji Gospodarczej ONZ oznaczonego sygn. E/ECE/1249 (ECE/ENVWA/20).
650 4 _aRośliny chronione
_zEuropa.
650 4 _aZwierzęta chronione
_zEuropa.
655 4 _aSpis
700 1 _aŻurek, Janusz
_eRedakcja
700 1 _aWajda, Stanisław
_c(prawo)
_eRedakcja
700 1 _aŻurek, Igor
_eTłumaczenie
830 0 _aKonwencje Międzynarodowe i Uchwały Organizacji Międzynarodowych ;
_vz. 3.
856 _uhttp://koha.tu.koszalin.pl/cgi-bin/koha/opac-detail.pl?biblionumber=30152
_yKatalog online BPK
942 _2UKD
_cKS
999 _c30152
_d30152